<?xml version="1.0" encoding="UTF-8"?>
<record
    xmlns:xsi="http://www.w3.org/2001/XMLSchema-instance"
    xsi:schemaLocation="http://www.loc.gov/MARC21/slim http://www.loc.gov/standards/marcxml/schema/MARC21slim.xsd"
    xmlns="http://www.loc.gov/MARC21/slim">

  <leader>00399nam a2200157   4500</leader>
  <datafield tag="999" ind1=" " ind2=" ">
    <subfield code="c">1241</subfield>
    <subfield code="d">1241</subfield>
  </datafield>
  <controlfield tag="008">200115b           ||||| |||| 00| 0 eng d</controlfield>
  <datafield tag="020" ind1=" " ind2=" ">
    <subfield code="a">0340192771</subfield>
  </datafield>
  <datafield tag="082" ind1="0" ind2="0">
    <subfield code="a">629.8</subfield>
    <subfield code="b">B9151</subfield>
  </datafield>
  <datafield tag="100" ind1=" " ind2=" ">
    <subfield code="9">828</subfield>
    <subfield code="a">Bryan, G. T.</subfield>
  </datafield>
  <datafield tag="245" ind1="1" ind2="0">
    <subfield code="a">Control systems for technicians</subfield>
  </datafield>
  <datafield tag="250" ind1=" " ind2=" ">
    <subfield code="a">2nd ed.</subfield>
  </datafield>
  <datafield tag="260" ind1=" " ind2=" ">
    <subfield code="a">London</subfield>
    <subfield code="b">EUP</subfield>
    <subfield code="c">1971</subfield>
  </datafield>
  <datafield tag="300" ind1=" " ind2=" ">
    <subfield code="a">320 p.</subfield>
  </datafield>
  <datafield tag="650" ind1=" " ind2="0">
    <subfield code="a">Automatic Control</subfield>
  </datafield>
  <datafield tag="942" ind1=" " ind2=" ">
    <subfield code="2">ddc</subfield>
    <subfield code="c">BK</subfield>
  </datafield>
  <datafield tag="952" ind1=" " ind2=" ">
    <subfield code="0">0</subfield>
    <subfield code="1">0</subfield>
    <subfield code="2">ddc</subfield>
    <subfield code="4">0</subfield>
    <subfield code="6">629_800000000000000_B9151</subfield>
    <subfield code="7">0</subfield>
    <subfield code="9">3796</subfield>
    <subfield code="a">CL</subfield>
    <subfield code="b">CL</subfield>
    <subfield code="d">1975-09-02</subfield>
    <subfield code="o">629.8 B9151</subfield>
    <subfield code="p">04296</subfield>
    <subfield code="r">2020-01-15</subfield>
    <subfield code="y">BK</subfield>
  </datafield>
  <datafield tag="952" ind1=" " ind2=" ">
    <subfield code="0">0</subfield>
    <subfield code="1">0</subfield>
    <subfield code="2">ddc</subfield>
    <subfield code="4">0</subfield>
    <subfield code="6">629_800000000000000_B9151</subfield>
    <subfield code="7">0</subfield>
    <subfield code="9">3797</subfield>
    <subfield code="a">CL</subfield>
    <subfield code="b">CL</subfield>
    <subfield code="d">1975-09-02</subfield>
    <subfield code="o">629.8 B9151</subfield>
    <subfield code="p">04297</subfield>
    <subfield code="r">2020-01-15</subfield>
    <subfield code="y">BK</subfield>
  </datafield>
  <datafield tag="952" ind1=" " ind2=" ">
    <subfield code="0">0</subfield>
    <subfield code="1">0</subfield>
    <subfield code="2">ddc</subfield>
    <subfield code="4">0</subfield>
    <subfield code="6">629_800000000000000_B9151</subfield>
    <subfield code="7">0</subfield>
    <subfield code="9">3798</subfield>
    <subfield code="a">CL</subfield>
    <subfield code="b">CL</subfield>
    <subfield code="d">1975-09-02</subfield>
    <subfield code="o">629.8 B9151</subfield>
    <subfield code="p">04298</subfield>
    <subfield code="r">2020-01-15</subfield>
    <subfield code="y">BK</subfield>
  </datafield>
  <datafield tag="952" ind1=" " ind2=" ">
    <subfield code="0">0</subfield>
    <subfield code="1">0</subfield>
    <subfield code="2">ddc</subfield>
    <subfield code="4">0</subfield>
    <subfield code="6">629_800000000000000_B9151</subfield>
    <subfield code="7">0</subfield>
    <subfield code="9">7101</subfield>
    <subfield code="a">CL</subfield>
    <subfield code="b">CL</subfield>
    <subfield code="d">2020-03-05</subfield>
    <subfield code="o">629.8 B9151</subfield>
    <subfield code="p">04732</subfield>
    <subfield code="r">2020-03-05</subfield>
    <subfield code="y">BK</subfield>
  </datafield>
  <datafield tag="952" ind1=" " ind2=" ">
    <subfield code="0">0</subfield>
    <subfield code="1">0</subfield>
    <subfield code="2">ddc</subfield>
    <subfield code="4">0</subfield>
    <subfield code="6">629_800000000000000_B9151</subfield>
    <subfield code="7">0</subfield>
    <subfield code="9">7417</subfield>
    <subfield code="a">CL</subfield>
    <subfield code="b">CL</subfield>
    <subfield code="d">2020-03-13</subfield>
    <subfield code="o">629.8 B9151</subfield>
    <subfield code="p">04869</subfield>
    <subfield code="r">2020-03-13</subfield>
    <subfield code="y">BK</subfield>
  </datafield>
  <datafield tag="952" ind1=" " ind2=" ">
    <subfield code="0">0</subfield>
    <subfield code="1">0</subfield>
    <subfield code="2">ddc</subfield>
    <subfield code="4">0</subfield>
    <subfield code="6">629_800000000000000_B9151</subfield>
    <subfield code="7">0</subfield>
    <subfield code="9">7418</subfield>
    <subfield code="a">CL</subfield>
    <subfield code="b">CL</subfield>
    <subfield code="d">2020-03-13</subfield>
    <subfield code="o">629.8 B9151</subfield>
    <subfield code="p">04870</subfield>
    <subfield code="r">2020-03-13</subfield>
    <subfield code="y">BK</subfield>
  </datafield>
  <datafield tag="952" ind1=" " ind2=" ">
    <subfield code="0">0</subfield>
    <subfield code="1">0</subfield>
    <subfield code="2">ddc</subfield>
    <subfield code="4">0</subfield>
    <subfield code="6">629_800000000000000_B9151</subfield>
    <subfield code="7">0</subfield>
    <subfield code="9">7419</subfield>
    <subfield code="a">CL</subfield>
    <subfield code="b">CL</subfield>
    <subfield code="d">2020-03-13</subfield>
    <subfield code="o">629.8 B9151</subfield>
    <subfield code="p">04871</subfield>
    <subfield code="r">2020-03-13</subfield>
    <subfield code="y">BK</subfield>
  </datafield>
  <datafield tag="952" ind1=" " ind2=" ">
    <subfield code="0">0</subfield>
    <subfield code="1">0</subfield>
    <subfield code="2">ddc</subfield>
    <subfield code="4">0</subfield>
    <subfield code="6">629_800000000000000_B9151</subfield>
    <subfield code="7">0</subfield>
    <subfield code="9">7420</subfield>
    <subfield code="a">CL</subfield>
    <subfield code="b">CL</subfield>
    <subfield code="d">2020-03-13</subfield>
    <subfield code="o">629.8 B9151</subfield>
    <subfield code="p">04872</subfield>
    <subfield code="r">2020-03-13</subfield>
    <subfield code="y">BK</subfield>
  </datafield>
  <datafield tag="952" ind1=" " ind2=" ">
    <subfield code="0">0</subfield>
    <subfield code="1">0</subfield>
    <subfield code="2">ddc</subfield>
    <subfield code="4">0</subfield>
    <subfield code="6">629_800000000000000_B9151</subfield>
    <subfield code="7">0</subfield>
    <subfield code="9">7421</subfield>
    <subfield code="a">CL</subfield>
    <subfield code="b">CL</subfield>
    <subfield code="d">2020-03-13</subfield>
    <subfield code="o">629.8 B9151</subfield>
    <subfield code="p">04873</subfield>
    <subfield code="r">2020-03-13</subfield>
    <subfield code="y">BK</subfield>
  </datafield>
  <datafield tag="952" ind1=" " ind2=" ">
    <subfield code="0">0</subfield>
    <subfield code="1">0</subfield>
    <subfield code="2">ddc</subfield>
    <subfield code="4">0</subfield>
    <subfield code="6">629_800000000000000_B9151</subfield>
    <subfield code="7">0</subfield>
    <subfield code="9">8225</subfield>
    <subfield code="a">CL</subfield>
    <subfield code="b">CL</subfield>
    <subfield code="d">1982-04-21</subfield>
    <subfield code="o">629.8 B9151</subfield>
    <subfield code="p">05231</subfield>
    <subfield code="r">2020-03-20</subfield>
    <subfield code="y">BK</subfield>
  </datafield>
  <datafield tag="952" ind1=" " ind2=" ">
    <subfield code="0">0</subfield>
    <subfield code="1">0</subfield>
    <subfield code="2">ddc</subfield>
    <subfield code="4">0</subfield>
    <subfield code="6">629_800000000000000_B9151</subfield>
    <subfield code="7">0</subfield>
    <subfield code="9">8226</subfield>
    <subfield code="a">CL</subfield>
    <subfield code="b">CL</subfield>
    <subfield code="d">1982-04-21</subfield>
    <subfield code="o">629.8 B9151</subfield>
    <subfield code="p">05232</subfield>
    <subfield code="r">2020-03-20</subfield>
    <subfield code="y">BK</subfield>
  </datafield>
  <datafield tag="952" ind1=" " ind2=" ">
    <subfield code="0">0</subfield>
    <subfield code="1">0</subfield>
    <subfield code="2">ddc</subfield>
    <subfield code="4">0</subfield>
    <subfield code="6">629_800000000000000_B9151</subfield>
    <subfield code="7">0</subfield>
    <subfield code="9">8227</subfield>
    <subfield code="a">CL</subfield>
    <subfield code="b">CL</subfield>
    <subfield code="d">1982-04-21</subfield>
    <subfield code="o">629.8 B9151</subfield>
    <subfield code="p">05233</subfield>
    <subfield code="r">2020-03-20</subfield>
    <subfield code="y">BK</subfield>
  </datafield>
  <datafield tag="952" ind1=" " ind2=" ">
    <subfield code="0">0</subfield>
    <subfield code="1">0</subfield>
    <subfield code="2">ddc</subfield>
    <subfield code="4">0</subfield>
    <subfield code="6">629_800000000000000_B9151</subfield>
    <subfield code="7">0</subfield>
    <subfield code="9">10471</subfield>
    <subfield code="a">CL</subfield>
    <subfield code="b">CL</subfield>
    <subfield code="d">2020-06-26</subfield>
    <subfield code="o">629.8 B9151</subfield>
    <subfield code="p">06648</subfield>
    <subfield code="r">2020-06-26</subfield>
    <subfield code="y">BK</subfield>
  </datafield>
</record>
